| 000 | 00628nam a2200169 i 4500 | ||
|---|---|---|---|
| 001 | 30041 | ||
| 003 | ES-MaACL | ||
| 005 | 20230906154129.0 | ||
| 007 | t| | ||
| 008 | 030123s1907 sp ||||1| spa d | ||
| 100 | 1 |
_aBarros Arbones, Guillermo. _926054 |
|
| 245 | 1 | 0 |
_aAplicaciones terapéuticas deducidas del papel que en el organismo juega el cloruro sódico como agente hidropigeno / _ctesis para el doctorado en medicina por Guillermo Barros Arbones. |
| 260 |
_aMadrid : _b[s.n., _c1907] ( _fImp. del Asilo de Huérfanos del S. C. de Jesús) |
||
| 300 | _a1 v. | ||
| 502 | _aTesis doctoral. | ||
| 852 |
_aES-MaACL _jT-1134-F-4 |
||
| 999 |
_c30041 _d30041 |
||